Koncepcia a tvorba sféry zotavenia a rekreácie obyvateľov miest. 1. časť 4. medzinárodná konferencia o cestovnom ruchu : Palác kultúry Praha, 21.-23.11.1989 : zborník
| Korporatívny autor: | |
|---|---|
| Médium: | Konferenčný príspevok Kniha |
| Jazyk: | slovenčina angličtina ruština |
| PhysicalDescription: | 135 s. 20 cm |
| Vydavateľské údaje: |
Banská Bystrica
Dom techniky ČSVTS
1989
|
| ISBN: | 8023000233 8023000225 |
| Vydanie: | 1. vyd. |
| Predmet: |
MARC
| LEADER | 00000nam a2200000 a 4500 | ||
|---|---|---|---|
| 001 | vtls001060201 | ||
| 003 | SK-MaSNL | ||
| 005 | 20260301232615.0 | ||
| 008 | 180815s1989 xo 10000 slo | ||
| 015 | |a SNBA1990/02 | ||
| 020 | |a 8023000233 |q (zv. 1. ; |q brož.) | ||
| 020 | |a 8023000225 |q (súbor ; |q brož.) | ||
| 035 | |a SNK000003029 | ||
| 040 | |a SNK |b slo |c SNK |e AACR2 | ||
| 041 | 0 | |a slo |a eng |a rus |b eng |b ger |b rus | |
| 044 | |a xo |c SK | ||
| 072 | 7 | |a 338.3/.4 |x Hospodárske a výrobné odvetvia |2 konspekt | |
| 080 | |a 338.48(082) |2 1981 | ||
| 080 | |a 711.455(082) |2 1981 | ||
| 111 | 2 | |a Medzinárodná konferencia o cestovnom ruchu |n (4. : |d 1989 : |c Praha, Česko) |4 aut |9 572600 | |
| 245 | 1 | 0 | |a Koncepcia a tvorba sféry zotavenia a rekreácie obyvateľov miest. 1. časť |b 4. medzinárodná konferencia o cestovnom ruchu : Palác kultúry Praha, 21.-23.11.1989 : zborník |
| 246 | 3 | 0 | |a 4. medzinárodná konferencia o cestovnom ruchu |
| 246 | 3 | |a Štvrtá medzinárodná konferencia o cestovnom ruchu | |
| 250 | |a 1. vyd. | ||
| 260 | |a Banská Bystrica |b Dom techniky ČSVTS |c 1989 |e Banská Bystrica |f Dom techniky ČSVTS | ||
| 300 | |a 135 s. |c 20 cm | ||
| 366 | |e 350 výtl. | ||
| 504 | |a Bibliogr. | ||
| 546 | |a Čiast. text angl. a rus. Res. rus., angl. a nem. | ||
| 650 | 0 | 7 | |a cestovný ruch |2 SNKPH |9 999 |
| 650 | 0 | 7 | |a prímestské zóny |2 SNKPH |9 264482 |
| 655 | 7 | |a zborníky konferencií |2 SNKPH |9 70153 | |
| 919 | |a 80-230-0023-3 | ||
| 919 | |a 80-230-0022-5 | ||
| 958 | |a OND | ||
| 958 | |a CZ | ||
| 958 | |a NB | ||
| 958 | |a RM | ||
| 999 | |c 961981 |d 963911 | ||
| 952 | |a SNK |b SNK |y PREZ |7 0 |p 17A0612969 |o snkSC 76089/1 |i snkKSP 9/90 |0 0 |1 0 |4 0 |d 2009-02-27 |l 0 |r 2026-02-24 10:23:24 |w 2026-02-24 | ||
| 952 | |a SNK |b SNK |y VYP |7 0 |p 17A0612971 |o snkSC 76089/1 D1 |i snkKSP 10/90 |0 0 |1 0 |4 0 |d 2009-02-27 |l 0 |r 2026-02-24 10:23:24 |w 2026-02-24 | ||


